| 000 | 00437nam a2200157 4500 | ||
|---|---|---|---|
| 001 | 127023 | ||
| 003 | ES-MaACL | ||
| 005 | 20230906192928.0 | ||
| 007 | t| | ||
| 008 | 070214s1929 gt r ||||1| spa d | ||
| 100 | 1 |
_aRey Soto, Antonio. _996541 |
|
| 245 | 1 | 0 |
_aEstampas guatemaltecas / _cAntonio Rey Soto. |
| 260 |
_aGuatemala : _b[s.n.], _c1929 ( _fTip. Nacional) |
||
| 300 |
_a86 p. : _bil. ; _c18 cm. |
||
| 852 |
_aES-MaACL _j1730-F-14 |
||
| 999 |
_c127023 _d127023 |
||